Itzy songs - Sudden Death - Statistics

General Stats
  • This quiz has been taken 137 times
  • The average score is 12 of 16
Answers on the Grid
Answers color-coded by a green-red scale on the quiz's grid according to % correct below.
Who R U?
Jacket
Club Friday
It'z summer
That's a no no
24 Hrs
Not Shy
Thorny
In the Morning
Shoot
Blah Blah Blah
Test me
Swipe
Cheshire
Try again
Keep driving
Shoelaces
Mr. Vampire
Imaginary Friend
Can't tie me down
Boyfriend
Firefly
F1
Algorhythm
Wannabe
No Way
Slow Down
Labelmaker
Supernatural
Trust Me
 
Answer Stats
Answer % Correct
Not Shy
91%
Wannabe
91%
Imaginary Friend
87%
Cheshire
86%
In the Morning
83%
Mr. Vampire
82%
Swipe
79%
Blah Blah Blah
77%
It'z summer
76%
Shoot
72%
That's a no no
65%
Algorhythm
64%
24 Hrs
60%
Supernatural
55%
Trust Me
53%
Can't tie me down
45%
No matching quizzes found
Score Distribution
Percent of People with Each Score
Percentile by Number Answered
Your Score History
You have not taken this quiz